000 00299nam a2200109Ia 4500
008 171204s9999 xx 000 0 und d
245 _aProgramming with ANSI C++:
245 _cBhushan Trivedi
260 _c2014
650 _xProgramming 1-16
856 _uhttp://down.ebook777.com/053/0198083963.pdf
999 _c345913
_d345913